|
|
|
|
| LEADER |
00940aam a22002658a 4500 |
| 001 |
00029388 |
| 005 |
20171026081025.0 |
| 008 |
120628s2012 ||||||viesd |
| 020 |
# |
# |
|a 9786046400455
|
| 041 |
0 |
# |
|a vie
|
| 082 |
1 |
4 |
|a 780.959 797
|b B557Đ
|
| 100 |
1 |
# |
|a Trần,Phước Thuận
|
| 245 |
1 |
0 |
|a Bước đầu tìm hiểu tác giả và tác phẩm cổ nhạc Bạc Liêu
|c Trần Phước Thuận
|
| 260 |
# |
# |
|a H.
|b Thanh Niên
|c 2012
|
| 300 |
# |
# |
|a 446tr.
|c 21cm.
|
| 500 |
# |
# |
|a ĐTTS ghi: Hội văn nghệ dân gian Việt Nam
|
| 504 |
# |
# |
|a Sumarry: tr.435-436.-Thư mục: tr. 437-442
|
| 653 |
# |
# |
|a Bạc Liêu
|
| 653 |
# |
# |
|a Nhạc cổ truyền
|
| 653 |
# |
# |
|a Tác giả
|
| 653 |
# |
# |
|a Tác phẩm
|
| 852 |
# |
# |
|b Kho đọc
|j KD.0013714
|
| 852 |
# |
# |
|j KD.0013714
|
| 910 |
0 |
# |
|d 19/6/2012
|a kchi
|
| 980 |
# |
# |
|a Trung tâm Học liệu Lê Vũ Hùng, Trường Đại học Đồng Tháp
|